| 000 | 01278cam a2200337 a 4500 | ||
|---|---|---|---|
| 999 |
_c531875 _d531875 |
||
| 001 | 4035271 | ||
| 003 | NUST | ||
| 005 | 20191030093704.0 | ||
| 008 | 981019s1999 dcua b 011 0 eng | ||
| 010 | _a 98040260 | ||
| 020 | _a0815731825 (acidfree paper) | ||
| 020 | _a0815731817 (pbk. : acidfree paper) | ||
| 038 | _aMSOHAIL | ||
| 040 |
_aDLC _cDLC _dDLC |
||
| 050 | 0 | 0 |
_aHE193 _b.E85 1999 |
| 082 | 0 | 0 |
_a388 _221 |
| 245 | 0 | 0 |
_aEssays in transportation economics and policy : _ba handbook in honor of John R. Meyer / _cJosé A. Gómez-Ibáñez, William B. Tye, Clifford Winston, editors. |
| 260 |
_aWashington, D.C. : _bBrookings Institution Press, _cc1999. |
||
| 300 |
_avi, 577 p. : _bill. ; _c24 cm. |
||
| 504 | _aIncludes bibliographical references and index. | ||
| 600 | 1 | 0 |
_aMeyer, John Robert. _925004 |
| 650 | 0 |
_aTransportation and state. _921183 |
|
| 650 | 0 |
_aTransportation. _913117 |
|
| 700 | 1 |
_aMeyer, John Robert. _925004 |
|
| 700 | 1 |
_aGómez-Ibáñez, José A., _d1948- _922069 |
|
| 700 | 1 |
_aTye, W. B. _q(William B.) _925005 |
|
| 700 | 1 |
_aWinston, Clifford, _d1952- _925006 |
|
| 906 |
_a7 _bcbc _corignew _d1 _eocip _f19 _gy-gencatlg |
||
| 942 |
_2ddc _cBK |
||